| 000 | 00439nam a22001937a 4500 | ||
|---|---|---|---|
| 005 | 20230926100911.0 | ||
| 008 | 230830b |||||||| |||| 00| 0 eng d | ||
| 020 | _a9780130455505 | ||
| 082 |
_a657 _bHOR-A |
||
| 100 | _aHorngren, Charles T | ||
| 245 | _aAccounting | ||
| 250 | _a2nd.ed. | ||
| 260 |
_aUSA _c1992 |
||
| 300 | _a1334 | ||
| 500 | _aInclude Index | ||
| 650 | _aAccounting | ||
| 700 | _aCharles Horngren T | ||
| 999 |
_c33340 _d33340 |
||